Flood risk assessment guidance for new development (Record no. 104341)

MARC details
000 -LEADER
fixed length control field 01760cam a2200229 4500
001 - CONTROL NUMBER
control field L130086
008 - FIXED-LENGTH DATA ELEMENTS--GENERAL INFORMATION
fixed length control field 050621n2005 000 0 eng u
035 ## - SYSTEM CONTROL NUMBER
System control number (Sirsi) u130086
041 ## - LANGUAGE CODE
Language code of text/sound track or separate title eng
110 ## - MAIN ENTRY--CORPORATE NAME
Corporate name or jurisdiction name as entry element DEFRA
245 ## - TITLE STATEMENT
Title Flood risk assessment guidance for new development
260 ## - PUBLICATION, DISTRIBUTION, ETC.
Date of publication, distribution, etc. 2005
490 ## - SERIES STATEMENT
Series statement Technical Report
Volume/sequential designation TR1
490 ## - SERIES STATEMENT
Series statement Technical Report
Volume/sequential designation TR2
520 ## - SUMMARY, ETC.
Summary, etc. These two DEFRA/Environment Agency (EA) research and development technical reports are derived from the flood risk assessment guidance for new development research and development project (FD2320). This is part of the joint DEFRA/EA research and development programme for flood and coastal defence under the theme of risk evaluation and understanding uncertainty. The project provides guidance on the assessment of flood risk and its mitigation to assist with the regulation and planning of new developments in England and Wales and defines what is an appropriate assessment of flood risk at all scales of decision-making and for all types of development. "Technical report 1 (TR1)" provides an overview of the framework, guidance and tools developed as part of the project it is intended as an introduction to the framework for those using it for the first time. "Technical report 2 (TR2)" provides full documentation and tools developed as part of the project.
590 ## - LOCAL NOTE (RLIN)
Local note IKA040705
690 ## - LOCAL SUBJECT ADDED ENTRY--TOPICAL TERM (OCLC, RLIN)
Topical term or geographic name as entry element ENVIRONMENTAL AND LAND CONSULTANCY-PLANNING AND DEVELOPMENT
690 ## - LOCAL SUBJECT ADDED ENTRY--TOPICAL TERM (OCLC, RLIN)
Topical term or geographic name as entry element ENVIRONMENTAL AND LAND CONSULTANCY-WATER RESOURCE MANAGEMENT-FLOODING
710 ## - ADDED ENTRY--CORPORATE NAME
Corporate name or jurisdiction name as entry element England and Wales
Subordinate unit Environment Agency
9 (RLIN) 2469
856 ## - ELECTRONIC LOCATION AND ACCESS
Uniform Resource Identifier <a href="https://www.hydres.co.uk/tools/FD2320%20TR1%20FINAL%20Jan%2006.pdf">https://www.hydres.co.uk/tools/FD2320%20TR1%20FINAL%20Jan%2006.pdf</a>
Public note View the technical reports free of charge at .www.hydres.co.uk
942 ## - ADDED ENTRY ELEMENTS (KOHA)
Suppress in OPAC 0
Holdings
Withdrawn status Lost status Source of classification or shelving scheme Damaged status Not for loan Home library Current library Shelving location Date acquired Total Checkouts Full call number Barcode Date last seen Copy number Price effective from Koha item type
    Dewey Decimal Classification     Virtual Virtual Online 21/06/2005   ONLINE PUBLICATION 130086-2001 06/08/2019 1 06/08/2019 Book